000 00882nam a2200277 i 4500
001 bg
003 BPK
005 20200420135303.0
008 070620s1969 pl a f f |000 0 pol
015 _aPB 1969/7175
040 _aWA N
_cBPK
080 _a626/627
080 _a621.6
080 _a532
080 _a(075.8)
100 1 _aTroskolański, Adam Tadeusz
_d(1901-1982)
_eAutor
245 1 0 _aHydromechanika /
_cAdam Tadeusz Troskolański.
250 _aWyd. 3 [powojenne].
260 _aWarszawa :
_bWydawnictwa Naukowo-Techniczne,
_c1969.
300 _aXVI, 611, [1] s. :
_bil. ;
_c23 cm.
655 4 _aPodręczniki akademickie
650 4 _aMechanika płynów
710 2 _aWydawnictwa Naukowo-Techniczne
_4pbl.
856 _uhttp://koha.tu.koszalin.pl/cgi-bin/koha/opac-detail.pl?biblionumber=7563
_yKatalog online BPK
942 _2UKD
_cKS
999 _c7563
_d7563